| 000 | 00577nam a2200181 a 4500 | ||
|---|---|---|---|
| 005 | 20140310183332.0 | ||
| 008 | 060828s19uu xx 00 eng d | ||
| 020 | _a1412910242 | ||
| 050 |
_aLB 1139.5.L35 _b.W52 2005 |
||
| 100 | _aHilary, White | ||
| 245 |
_aDeveloping literacy skills in the early years : _ba practical guide / _cHilary, White |
||
| 260 |
_aLondon : _bPaul Chapman Publishing, _c2005. |
||
| 300 |
_a132 p. : _bill. ; _c31 cm. |
||
| 521 | _aEDU | ||
| 650 |
_aEnglish language _xStudy and teaching (Early childhood). |
||
| 942 |
_cBK _2lcc _kFOR |
||
| 999 |
_c21601 _d21601 |
||